№ 65; Наше наследие

Detalles Bibliográficos
Parent link:Наше наследие: историко-культурный журнал. № 65.— , 1989-1991, 1995-2010.— 0234-1395
Lenguaje:ruso
Publicado: 2003
Formato: Libro
KOHA link:https://koha.lib.tpu.ru/cgi-bin/koha/opac-detail.pl?biblionumber=385190

MARC

LEADER 00000nam2a2200000 4500
001 385190
005 20231101063336.0
035 |a (RuTPU)RU\TPU\prd\12799 
090 |a 385190 
100 |a 20030418a20039999m y0rusy50 ca 
101 0 |a rus 
102 |a RU 
200 0 |a № 65 
210 |d 2003 
461 1 |0 (RuTPU)RU\TPU\prd\1595  |x 0234-1395  |t Наше наследие  |o историко-культурный журнал  |v № 65  |d 1989-1991, 1995-2010 
801 0 |a RU  |b 63413507  |c 20010227  |g PSBO 
801 1 |a RU  |b 63413507  |c 20030418  |g PSBO 
801 2 |a RU  |b 63413507  |c 20140122  |g PSBO 
942 |c BK 
999 |a НТБ_ТПУ  |b НФ  |e -1/20030113  |p П-5560  |s 12/20021004  |u 0,00  |v 1